000 00958nam a2200301 i 4500
003 EG-GICUC
005 20260220171124.0
008 260220s1954 It |||fr |||| 000 0itae d
040 _aEG-GiCUC
_bita
_cEG-GiCUC
_dEG-GiCUC
_eRda
082 0 4 _221
_a341.6
_bPA . D
092 0 4 _221
099 _aLaw1 11 341.6 PA . D 1954
100 1 _aPallieri, Giorgio Balladore
_eAuthor.
245 1 0 _aDiritto Bellico /
_cGiorgio Balladore Pallieri.
_b
_n
250 _aSeconda Edizione
264 1 _aPadova :
_bCedam Casa Editrice Dott. Antonio Milani,
_c1954.
300 _a464page :
_billustration ;
_c 24 cm.
336 _2rda contenu
_a texte
337 _2rda medias
_aOrdinateur
338 _2 transporteur rda
_a Ressource en ligne
504 _a
546 _a Text in Italian
650 1 4 _aPublic international law
_2
651 1 _2
856 4 0 _uhttps://fll.law.cu.edu.eg/fulltext/bks/B11-07876.pdf
905 _a50
942 _2ddc
_cBK
_e21
_n0
999 _c63908
_d63908